| 000 | 00493nam a22001817a 4500 | ||
|---|---|---|---|
| 999 |
_c164853 _d164853 |
||
| 005 | 20190528163751.0 | ||
| 010 | _aENG-125344 | ||
| 020 |
_a9789384061623 _c499.00 |
||
| 035 | _aEN-108876 | ||
| 037 | _bDBAD/PUB | ||
| 082 | _a616.462 | ||
| 245 |
_aLiving with Diabetes: _band how to beat it |
||
| 260 |
_aMumbai _bTV 18 Broadcast _c2017 |
||
| 270 |
_aTV 18 Broadcast _bMumbai _e400031 |
||
| 300 | v |
_a152p. _c21cm(Hb) |
|
| 500 | _aill. | ||
| 942 |
_2ddc _cEN _mLIV _h616.462 |
||